| 000 | 01240cam a22002054a 4500 | ||
|---|---|---|---|
| 005 | 20250605164327.0 | ||
| 008 | 250528s ||||||||||||||||||||||||d | ||
| 035 | _a23090 | ||
| 020 | _a335201466 | ||
| 040 |
_aGR-AtMCL _bgre _dGR-AtMCL _eAACR2 |
||
| 245 | 1 | _aDesigning and Reporting Experiments in Psychology | |
| 250 | _a2nd | ||
| 260 |
_bOpen University Press, _c2005 |
||
| 300 | _a232 | ||
| 520 | _aThis book offers expanded advice and updated guidelines to students on designing and writing reports of experimental and other studies in psychology. Preface, Some Preliminaries, The Introduction, The Method, The Results, The Discussion, The Title and Abstract, References and Appendices, Producing the Final Version of the Report, Designing Experiments, Experimenting in Psychology, Experimenting Decining, Statistics: Significance Testing, Statistics: Effect Size and Power, Experimental Design, Commentary, Appendices, Confusing Predictions from the Null Hypothesis with those from the Experimental Hypothesis, Randomizing, How to Use Tables of Critical Values of Inferential Statistics, Answers to SAQs, References, Index of Concepts. | ||
| 700 | 1 |
_aHarris Peter _9918 |
|
| 942 | _cBK | ||
| 999 |
_c8120 _d8120 |
||